Stand in the door. (Record no. 13713)

000 -LEADER
fixed length control field 00729nam a2200229 a 4500
001 - CONTROL NUMBER
control field :::00011536$&:&@@
003 - CONTROL NUMBER IDENTIFIER
control field OkBaRHE
005 - DATE AND TIME OF LATEST TRANSACTION
control field 20120308123729.0
008 - FIXED-LENGTH DATA ELEMENTS--GENERAL INFORMATION
fixed length control field s1980 000 0 eng u
020 ## - INTERNATIONAL STANDARD BOOK NUMBER
International Standard Book Number 088243599X
040 ## - CATALOGING SOURCE
Transcribing agency
100 1# - MAIN ENTRY--PERSONAL NAME
Personal name Goldman, W. Darryl, 1948-
9 (RLIN) 2141
245 10 - TITLE STATEMENT
Title Stand in the door.
260 ## - PUBLICATION, DISTRIBUTION, ETC. (IMPRINT)
Place of publication, distribution, etc Springfield, MO., :
Name of publisher, distributor, etc Gospel Publishing House
Date of publication, distribution, etc c1980
300 ## - PHYSICAL DESCRIPTION
Extent 171 p. ;
Dimensions 18 cm.
490 0# - SERIES STATEMENT
Series statement Radiant books.
650 ## - SUBJECT ADDED ENTRY--TOPICAL TERM
Topical term or geographic name as entry element Assemblies of God
General subdivision United States
-- Clergy
-- Biography
9 (RLIN) 2142
650 ## - SUBJECT ADDED ENTRY--TOPICAL TERM
Topical term or geographic name as entry element Goldman, W. Darryl, 1948-
9 (RLIN) 2143
650 ## - SUBJECT ADDED ENTRY--TOPICAL TERM
Topical term or geographic name as entry element United States
General subdivision Army
-- Chaplains
-- Biography
9 (RLIN) 2144
650 ## - SUBJECT ADDED ENTRY--TOPICAL TERM
Topical term or geographic name as entry element United States
General subdivision Army
-- Parachute Troops
-- Biography
9 (RLIN) 2145
942 ## - ADDED ENTRY ELEMENTS (KOHA)
Source of classification or shelving scheme
Koha item type Books
Copies
Date acquired Current Location Damaged status Price effective from Lost status Shelving location Not for loan Koha item type Date last seen Full call number Withdrawn status Barcode Permanent Location Source of classification or shelving scheme Copy number
2010-04-14RHEMA Bible Training College 2010-04-14 General Stacks Books2010-04-14BX 8765.5 .Z8 G65 G65 11536RHEMA Bible Training College 1